000 01330nam a2200265 4500
005 20240320203720.0
008 240320b |||||||| |||| 00| 0 eng d
020 _a8475301754
037 _3Donación
040 _aCO-JMCR
_cCO-JMCR
_dCO-JMCR
_erda
041 _aspa
082 _aA-N
_bBOLd
100 _eautor
_aBöll, Heinrich
_943567
245 _a¿Dónde estabas, Adán? /
_cHeinrich Böll
246 _aWo warst du, Adam?
260 _aBogotá
_bEdiciones Orbis, S.A.
_c1963
300 _a202 páginas
_c20 cm
520 _aEste libro trata sobre la Segunda Guerra Mundial. Con personajes que cuentan su particular forma de vivir en tiempos de guerra. Aunque algunos aparecen sólo unas páginas todos dejan una inolvidable huella. El protagonista, un soldado llamado Feinhals nos enseña como vive, sueña y ama durante una guerra. Es raro encontrar personajes tan humanos dentro de un relato tratándose de soldados del ejercito alemán. El autor hace una profunda crítica de la guerra y de la xenofobia desde el punto de vista de los opresores.
586 _aPremio Nobel 1972
650 _2JMCR
_aNovela Alemana
_ySiglo XX
_943568
650 _2JMCR
_aLiteratura Alemana
_ySiglo XX
_943569
650 _2JMCR
_aGuerra en la literatura
_9695
700 _aJanes, Alfonsina
_eTraductor
_943570
942 _2ddc
_cBK
999 _c30712
_d17096